Lập - thẩm định hiệu quả tài chính dự án đầu tư

Bewaard in:
Bibliografische gegevens
Hoofdauteur: Đinh Thế Hiển
Formaat: Boek
Taal:Undetermined
Gepubliceerd in: Thống Kê 2002
Onderwerpen:
Tags: Voeg label toe
Geen labels, Wees de eerste die dit record labelt!
Thư viện lưu trữ: Trung tâm Học liệu Trường Đại học Cần Thơ
LEADER 00553nam a2200181Ia 4500
001 CTU_54087
008 210402s9999 xx 000 0 und d
020 |b 86000 
082 |a 332.678 
082 |b H305 
100 |a Đinh Thế Hiển 
245 0 |a Lập - thẩm định hiệu quả tài chính dự án đầu tư 
245 0 |c Đinh Thế Hiển 
260 |b Thống Kê 
260 |c 2002 
650 |a investments 
910 |a AV.002128,AV.002120,AV.002124 
980 |a Trung tâm Học liệu Trường Đại học Cần Thơ